| 000 | 00853nam a2200217 i 4500 | ||
|---|---|---|---|
| 001 | 159848 | ||
| 003 | ES-MaACL | ||
| 005 | 20230906211830.0 | ||
| 008 | 040928s1857 sp |||| | spa d | ||
| 080 | _a94(72)"1810/21" | ||
| 080 | _a94(72)"1821/61" | ||
| 100 | 1 |
_aMobellán, Sebastián de. _9130001 |
|
| 245 | 1 | 0 |
_aCuestión de Méjico / _cpor S. de Mobellán. |
| 260 |
_aMadrid : _b[s.n.], _c1857 ( _fImp. de Francisco Abienzo) |
||
| 300 |
_a24 p. ; _c21 cm. |
||
| 530 | _aDisponible en formato digital. | ||
| 651 | 4 |
_aMéxico- _xHistoria- _y1810-1821, Guerra de la Independencia. _9168986 |
|
| 651 | 4 |
_aMéxico- _xHistoria- _z1821-1861. _99064 |
|
| 852 | 4 |
_aES-MaACL _jT-105-F-6 _z- Enc. hol., falto de cub. original _z- Enc. en un vol. facticio |
|
| 856 | 4 |
_uhttp://bdh-rd.bne.es/viewer.vm?id=0000108540&page=1 _zBiblioteca Digital Hispánica |
|
| 999 |
_c159848 _d159848 |
||